| 000 | 01580nam a22002537a 4500 | ||
|---|---|---|---|
| 999 |
_c57055 _d57055 |
||
| 003 | Ge_BSU | ||
| 005 | 20191101124303.0 | ||
| 008 | 191101s2018 ge ||||| |||| 00| 0 geo d | ||
| 020 | _a9789941462672 | ||
| 041 | _ageo | ||
| 080 | _a316.483+327.5 კ-65 | ||
| 100 |
_aკიოლერი, იან. _95218 |
||
| 245 |
_aლოკალური კონფლიქტების ემპირიული კვლევები _bსაველე კვლევების მეთოდოლოგიისა და მეთოდების შესავალი / _cიან კიოლერი ; ალექსეი, გუნია ; სამეცნ. რედ : გიორგი ნიჟარაძე ; თარგმ : ნინო ინაიშვილი . |
||
| 250 | _aმე-2 გადამუშავებული გამოცემა | ||
| 300 |
_a202 გვ .: _bცხრ; დიაგრამ ; _c24 სმ. |
||
| 653 | _aსოციოლოგია | ||
| 653 | _aსაერთაშორისო ურთიერთობანი | ||
| 653 | _aგლობალური მსოფლიო პოლიტიკა | ||
| 653 | _aსაგარეო პოლიტიკა | ||
| 700 |
_aგუნია, ალექსეი _95219 |
||
| 700 |
_aნიჟარაძე, გიორგი _eსამეცნიერო რედაქტორი _95220 |
||
| 700 |
_aინაიშვილი, ნინო _eმთარგმნელი _92290 |
||
| 942 |
_2udc _cBK |
||